000 00376nam a2200133Ia 4500
008 100328s9999 xx 000 0 und d
082 _b60791
100 _aशेवडे शैलजा.
245 _aसूरविभोरी.
260 _bसंवेदना.
630 _aसूरविभोरी.
730 _aसूरविभोरी.
942 _cBOOK
999 _c546914
_d546911